[Event "SVR-ch Seniors 33rd"]
[Site "Mendig"]
[Date "2010.04.01"]
[Round "4"]
[White "Kroetz, Hermann Josef"]
[Black "Schumacher, Ursula"]
[Result "1/2-1/2"]
[WhiteElo "1895"]
[BlackElo "1670"]
[PlyCount "116"]
[EventDate "2010.03.26"]
[EventType "swiss"]
[EventRounds "7"]
[EventCountry "GER"]
[SourceTitle "EXT 2011"]
[Source "ChessBase"]
[SourceDate "2010.11.26"]
[SourceVersion "1"]
[SourceVersionDate "2010.11.26"]
[SourceQuality "1"]

1. e4 c6 2. d4 d5 3. exd5 cxd5 4. c4 Nf6 5. Nc3 e6 6. Nf3 Nc6 7. Be2 Be7 8. 0-0 a6 9. a3 0-0 10. c5 b5 11. b4 Qc7 12. Re1 Bb7 13. Bg5 Rfe8 14. h3 Nd7 15. Bxe7 Rxe7 16. Qd2 Nf8 17. Nh2 Ng6 18. Nf3 h6 19. Bd1 Kh8 20. Bc2 Qf4 21. Qe3 Qxe3 22. Rxe3 Rae8 23. Rae1 Nf8 24. a4 Nxb4 25. Bb3 bxa4 26. Bxa4 Rc8 27. Rb1 a5 28. Nb5 Bc6 29. Nd6 Rcc7 30. Bxc6 Rxc6 31. Ne5 Rcc7 32. Ra3 Nc2 33. Ra4 Kh7 34. Rb5 f6 35. Nf3 Nb4 36. Rbxa5 Nc6 37. Ra8 Ng6 38. g3 e5 39. dxe5 fxe5 40. R8a6 d4 41. Ne4 Red7 42. Kf1 d3 43. Ke1 Rf7 44. Nfd2 Nd4 45. Rd6 Rb7 46. c6 Rbc7 47. Rc4 Ra7 48. Rc1 Ne2 49. Rb1 Nd4 50. Nc5 Nc2+ 51. Kf1 Ne3+ 52. Kg1 Ra2 53. Rxd3 Rc2 54. Rd7 Rxd7 55. cxd7 Rxd2 56. Rb8 Rd1+ 57. Kh2 Rd2 58. d8Q Rxf2+ 1/2-1/2

[Event "Bad Bertrich op 17th"]
[Site "Bad Bertrich"]
[Date "2009.12.10"]
[Round "7"]
[White "Kroetz, Hermann Josef"]
[Black "Cotenescu, Daniel"]
[Result "0-1"]
[WhiteElo "1522"]
[BlackElo "2010"]
[PlyCount "88"]
[EventDate "2009.12.04"]
[EventType "swiss"]
[EventRounds "9"]
[EventCountry "GER"]
[SourceTitle "CBM 134 Extra"]
[Source "ChessBase"]
[SourceDate "2010.03.03"]
[SourceVersion "1"]
[SourceVersionDate "2010.03.03"]
[SourceQuality "1"]

1. e4 e5 2. Bc4 Bc5 3. c3 Bb6 4. d4 Qe7 5. d5 Bxf2+ 6. Kxf2 Qc5+ 7. Be3 Qxc4 8. Nd2 Qa6 9. Ngf3 f6 10. Rf1 Qd6 11. Nb3 b6 12. Rc1 Ba6 13. c4 Qe7 14. Kg1 d6 15. Rf2 Bc8 16. Nbd2 a5 17. a3 Na6 18. Nb1 Bd7 19. Nc3 Qd8 20. Rb1 Ne7 21. b4 axb4 22. axb4 0-0 23. Ra2 Qc8 24. b5 Nc5 25. Rxa8 Qxa8 26. Ra1 Qb7 27. Ra3 Ra8 28. Qa1 Rxa3 29. Qxa3 Nc8 30. Nd2 g6 31. Bxc5 dxc5 32. Kf2 Nd6 33. Qb3 Kg7 34. h3 Qb8 35. Ne2 Qa8 36. g4 Qa5 37. Qd3 Qa1 38. Kg2 Qa2 39. Kf3 Nf7 40. Nc3 Qa1 41. Ne2 Qh1+ 42. Kg3 Ng5 43. Kh4 Qe1+ 44. Ng3 Qxd2 0-1

[Event "Bad Bertrich Seniors op 17th"]
[Site "Bad Bertrich"]
[Date "2009.12.08"]
[Round "5"]
[White "Kroetz, Hermann Josef"]
[Black "Kaufmann, Helmut"]
[Result "1/2-1/2"]
[WhiteElo "1551"]
[BlackElo "1903"]
[PlyCount "24"]
[EventDate "2009.12.04"]
[EventType "swiss"]
[EventRounds "9"]
[EventCountry "GER"]
[SourceTitle "EXT 2022"]
[Source "ChessBase"]
[SourceDate "2021.10.06"]
[SourceVersion "1"]
[SourceVersionDate "2021.10.06"]
[SourceQuality "1"]

1. e4 g6 2. Nf3 Bg7 3. d4 d6 4. Bc4 Nc6 5. Be3 e5 6. Bb5 Bd7 7. d5 Nce7 8. Bxd7+ Qxd7 9. c4 h6 10. Nc3 f5 11. g3 Nf6 12. Qd3 0-0 1/2-1/2

[Event "Bad Bertrich Seniors op 4th"]
[Site "Bad Bertrich"]
[Date "2003.??.??"]
[Round "9"]
[White "Kroetz, Hermann Josef"]
[Black "Kahn, Manfred"]
[Result "0-1"]
[WhiteElo "1610"]
[BlackElo "2165"]
[PlyCount "64"]
[EventDate "2003.12.??"]
[EventType "swiss"]
[EventRounds "9"]
[EventCountry "GER"]
[SourceTitle "EXT 2007"]
[Source "ChessBase"]
[SourceDate "2006.11.23"]
[SourceVersion "1"]
[SourceVersionDate "2006.11.23"]
[SourceQuality "1"]

1. e4 e6 2. d4 d5 3. exd5 exd5 4. Nf3 Bg4 5. Be2 Nc6 6. h3 Bh5 7. Be3 Bd6 8. a3 Nge7 9. c4 dxc4 10. Bxc4 0-0 11. Nc3 Nf5 12. 0-0 Nxe3 13. fxe3 Re8 14. e4 Bxf3 15. Rxf3 Nxd4 16. Rxf7 Ne6 17. Qh5 Bc5+ 18. Kh1 Qd4 19. Bxe6 Rxe6 20. Rxc7 Rc6 21. Rxb7 Qf6 22. Nd5 Qf8 23. Rc1 Bd6 24. Ne7+ Qxe7 25. Qd5+ Kh8 26. Qxc6 Qf8 27. Qd5 Qf4 28. g3 Qxc1+ 29. Kg2 Rf8 30. Qd3 Bc5 31. h4 h5 32. g4 Rf2+ 0-1